Education and training of information specialists for the 1970's

שמור ב:
מידע ביבליוגרפי
מחבר ראשי: Schur, Herbert
פורמט: ספר
שפה:Undetermined
יצא לאור: Paris Organisation for Economic Co-operation and Development 1973
נושאים:
תגים: הוספת תג
אין תגיות, היה/י הראשונ/ה לתייג את הרשומה!
Thư viện lưu trữ: Trung tâm Học liệu Trường Đại học Cần Thơ
LEADER 00585nam a2200193Ia 4500
001 CTU_83372
008 210402s9999 xx 000 0 und d
082 |a 001.5 
082 |b S394 
100 |a Schur, Herbert 
245 0 |a Education and training of information specialists for the 1970's 
245 0 |c Herbert schur 
260 |a Paris 
260 |b Organisation for Economic Co-operation and Development 
260 |c 1973 
650 |a Information science 
650 |x Study and teaching 
904 |i Qhieu(sửa) 
980 |a Trung tâm Học liệu Trường Đại học Cần Thơ